000 00438pab a2200157 454500
008 180718b2000 xxu||||| |||| 00| 0 eng d
100 _aMcCabe, Darren
245 _aFactory innovations and management machinations: the productive and repressive relations of power
260 _c2000
300 _ap.931-53
362 _aNov
650 _aManagers
650 _aManagement
773 _aJournal of Management Studies
909 _a47472
999 _c47472
_d47472